| 000 | 00515nam a2200217Ia 4500 | ||
|---|---|---|---|
| 003 | OSt | ||
| 005 | 20241113150253.0 | ||
| 008 | 210210b1913 xxu||||| |||| 00| 0 eng d | ||
| 040 | _cAL | ||
| 041 | _aeng | ||
| 082 | _a270/62 | ||
| 100 |
_aTHOMPSON (Francis) _9185212 |
||
| 245 | _aSt. Ignatius Loyola | ||
| 260 |
_aLondon _bBurns & oates, _c1913 |
||
| 300 | _a325 | ||
| 650 |
_aSaint _9185213 |
||
| 650 |
_aAloysius College _9185214 |
||
| 690 |
_aChristianity _9185215 |
||
| 906 | _a001488 | ||
| 942 |
_2ddc _cBK |
||
| 999 |
_c116613 _d116613 |
||